| 000 | 00354nam a2200133Ia 4500 | ||
|---|---|---|---|
| 008 | 150202s9999 xx 000 0 und d | ||
| 020 | _a451450752 | ||
| 050 |
_aFIC _bFIC |
||
| 100 | _aGilden, Mel. | ||
| 245 |
_aHawaiian U.F.O. aliiens / _cMel Gilden. |
||
| 260 |
_aNew York : _bRoc Books, _c1991. |
||
| 300 |
_a272 pages : _c18 cm. |
||
| 650 | _aFiction. | ||
| 999 |
_c282054 _d282054 |
||